| 000 | 00480nam a22001697a 4500 | ||
|---|---|---|---|
| 005 | 20230117103055.0 | ||
| 008 | 220215b ||||| |||| 00| 0 eng d | ||
| 020 | _a9789387593763 | ||
| 041 | _aeng | ||
| 082 |
_a547 _bUSM-C |
||
| 100 |
_aUSMAN, PROF MD RAGEEB AND PATIL, DR SUNILA AND CHAUDHARI _97095 |
||
| 245 | _aCOMPREHENSIVE MCQ IN ORGANIC CHEMISTRY | ||
| 260 |
_aHYDERABAD _bPHARMA MED PRESS _c2018 |
||
| 300 | _a160; P. | ||
| 650 |
_aPHARMACY _xB.PHARMA _97083 |
||
| 942 | _cBK | ||
| 999 |
_c7930 _d7928 |
||